AS Roma Squad 2025-2026 - Statistics

General Stats
  • This quiz has been taken 475 times
    217 since last reset
  • The average score is 25 of 32
Answer Stats
# Position Nation Player % Correct
21 FW Argentina Paulo Dybala
97%
5 DF Ivory Coast Evan N'Dicka
96%
23 DF Italy Gianluca Mancini
95%
9 FW Ukraine Artem Dovbyk
94%
7 MF Italy Lorenzo Pellegrini
93%
4 MF Italy Bryan Cristante
92%
11 FW Ireland Evan Ferguson
92%
99 GK Serbia Mile Svilar
92%
19 DF Turkey Zeki Çelik
92%
14 FW Netherlands Donyell Malen
90%
18 FW Argentina Matías Soulé
90%
17 MF France Manu Koné
89%
22 DF Spain Mario Hermoso
85%
43 DF Brazil Wesley
84%
- Coach Italy Gian Piero Gasperini
83%
12 DF Greece Konstantinos Tsimikas
83%
3 DF Spain Angeliño
82%
2 DF Netherlands Devyne Rensch
82%
92 FW Italy Stephan El Shaarawy
81%
31 FW Jamaica Leon Bailey
80%
61 MF Italy Niccolò Pisilli
78%
97 FW Spain Bryan Zaragoza
72%
8 MF Morocco Neil El Aynaoui
72%
24 DF Poland Jan Ziółkowski
71%
95 GK Italy Pierluigi Gollini
71%
87 DF Italy Daniele Ghilardi
68%
78 FW France Robinio Vaz
68%
32 GK Colombia Devis Vásquez
65%
35 MF Italy Tommaso Baldanzi
58%
20 FW Italy Lorenzo Venturino
56%
91 GK Poland Radosław Żelezny
35%
66 DF Spain Buba Sangaré
33%
No matching quizzes found
Score Distribution
Percent of People with Each Score
Percentile by Number Answered
Your Score History
You have not taken this quiz since the last reset